Fluctuational superconductivity of magnetic systems / (Record no. 184342)
[ view plain ]
| 000 -LEADER | |
|---|---|
| fixed length control field | 01472 a2200253 4500 |
| 003 - CONTROL NUMBER IDENTIFIER | |
| control field | Nust |
| 005 - DATE AND TIME OF LATEST TRANSACTION | |
| control field | 20221215110141.0 |
| 010 ## - LIBRARY OF CONGRESS CONTROL NUMBER | |
| LC control number | 89026081 |
| 020 ## - INTERNATIONAL STANDARD BOOK NUMBER | |
| International Standard Book Number | 038750561X (New York) |
| 020 ## - INTERNATIONAL STANDARD BOOK NUMBER | |
| International Standard Book Number | 354050561X (Berlin) |
| 040 ## - CATALOGING SOURCE | |
| Transcribing agency | Nust |
| 082 00 - DEWEY DECIMAL CLASSIFICATION NUMBER | |
| Classification number | 538.3, SAV |
| 100 1# - MAIN ENTRY--PERSONAL NAME | |
| Personal name | Savchenko, M. A. |
| 9 (RLIN) | 104922 |
| 245 10 - TITLE STATEMENT | |
| Title | Fluctuational superconductivity of magnetic systems / |
| Statement of responsibility, etc. | M.A. Savchenko, A.V. Stefanovich ; [translators, Ram S. Wadhwa, Natalie Wadhwa]. |
| 260 ## - PUBLICATION, DISTRIBUTION, ETC. | |
| Place of publication, distribution, etc. | Berlin ; |
| -- | New York : |
| Name of publisher, distributor, etc. | Springer-Verlag, |
| Date of publication, distribution, etc. | c1990. |
| 300 ## - PHYSICAL DESCRIPTION | |
| Extent | ix, 258 p. : |
| Other physical details | ill. ; |
| Dimensions | 25cm. |
| 440 #0 - SERIES STATEMENT/ADDED ENTRY--TITLE | |
| Title | Research reports in physics |
| 9 (RLIN) | 104923 |
| 505 ## - FORMATTED CONTENTS NOTE | |
| Formatted contents note | Introduction (Page-1), Exchange Enhancement Effect During Phase Transitions Magnetically Crystals (Page-16), Phase Lamination and the Exchange Enhancement Effect (Page-45), Superconducting Phases in Rare-Earth Metal Compounds Phenomenological Theory (Page-75), Theory of High-Temperature Superconducting Phase in Rare Earth Metal Compounds (Page-100), Solutions in the Theory of Superconductivity of Magnetic System (Page-112), Spin Glasses Based on Rare –Earth Metal Compounds (Page-133), High Temperature Superconducting Ceramics (Page-169), Theory of High Temperature Superconductivity of Polymer Systems (Page-234). |
| 650 #0 - SUBJECT ADDED ENTRY--TOPICAL TERM | |
| Topical term or geographic name entry element | Rare earth metals |
| General subdivision | Magnetic properties. |
| 9 (RLIN) | 104924 |
| 650 #0 - SUBJECT ADDED ENTRY--TOPICAL TERM | |
| Topical term or geographic name entry element | Superconducting magnets |
| General subdivision | Fluctuations. |
| 9 (RLIN) | 104925 |
| 700 1# - ADDED ENTRY--PERSONAL NAME | |
| Personal name | Stefanovich, A. V. |
| 9 (RLIN) | 104926 |
| 740 0# - ADDED ENTRY--UNCONTROLLED RELATED/ANALYTICAL TITLE | |
| Uncontrolled related/analytical title | Superconductivity. |
| 942 ## - ADDED ENTRY ELEMENTS (KOHA) | |
| Source of classification or shelving scheme | |
| Koha item type | Book |
| Withdrawn status | Lost status | Source of classification or shelving scheme | Damaged status | Not for loan | Permanent Location | Current Location | Shelving location | Date acquired | Full call number | Barcode | Date last seen | Price effective from | Koha item type | Public note |
|---|---|---|---|---|---|---|---|---|---|---|---|---|---|---|
| Military College of Signals (MCS) | Military College of Signals (MCS) | General Stacks | 12/12/2016 | 538.3,SAV | MCS20857 | 12/08/2016 | 12/12/2016 | Book | Almirah No.16, Shelf No.5 |
